Nom personnage de naruto - Statistiques

Statistiques générales
  • Ce quiz a été pris 1 468 fois
    1 460 depuis la dernière actualisation
  • Le résultat moyen est 41 sur 162
Statistiques - réponses
Réponse % Correct
Naruto Uzumaki
88%
Sasuke Uchiwa
80%
Sakura Haruno
70%
Kakashi Hatake
69%
Tsunade
69%
Itachi Uchiwa
67%
Jiraya
65%
Hinata Hyûga
64%
Orochimaru
64%
Gaara
63%
Neji Hyûga
63%
Rock Lee
63%
Madara Uchiwa
62%
Shikamaru Nara
61%
Obito Uchiwa
60%
Temari
57%
Tenten
57%
Deidara
55%
Ino Yamanaka
55%
Minato Namikaze
55%
Sasori
54%
Chôji Akimichi
52%
Hashirama Senju
52%
Kankuro
52%
Pain
52%
Asuma Sarutobi
51%
Shino Aburame
51%
Hiruzen Sarutobi
50%
Kushina Uzumaki
50%
Nagato
50%
Gaï Maito
49%
Hidan
49%
Tobirama Senju
49%
Konan
48%
Konohamaru Sarutobi
47%
Kakuzu
46%
Karin
46%
Saï
45%
Killer Bee
44%
Kiba Inuzuka
42%
Zabuza
41%
Kyûbi
38%
Haku
37%
Jûgo
37%
Shikaku Nara
36%
Zetsu
36%
Yamato
35%
Rin
34%
Chiyo
32%
Kisame Hoshigaki
32%
Chôza Akimichi
31%
Inoichi Yamanaka
30%
Akamaru
28%
Yahiko
28%
Kabuto Yakushi
27%
Fugaku Uchiwa
26%
Hachibi
26%
Kaguya Ôtsutsuki
26%
Darui
25%
Gamabunta
25%
Ichibi
25%
Sanbi
25%
Shizune
25%
Kurenaï Yûhi
24%
Onoki
24%
Ebisu
23%
Hanabi Hyûga
23%
Moegi
23%
Udon
23%
Nibi
22%
Tayuya
22%
Baki
21%
Gamakichi
21%
Hiashi Hyûga
21%
Jirôbô
21%
Karui
21%
Sakon
21%
Utakata
21%
Yonbi
21%
Hagoromo Ôtsutsuki
20%
Hanzô
20%
Hizashi Hyûga
20%
Indra
20%
Omoï
20%
Suigetsu Hôzuki
20%
Gobi
19%
Iruka Umino
19%
Jûbi
19%
Kidômaru
19%
19%
Rokubi
19%
Yagura
19%
Meï Terumi
18%
Nanabi
18%
Sakumo Hatake
18%
Ukon
18%
Anko Mitarashi
17%
Chôjurô
17%
Samui
17%
Ashura
15%
Ibiki Morino
15%
Kimimaro Kaguya
15%
Mito Uzumaki
15%
Rôshi
15%
Katsuyu
14%
Manda
14%
Pakkun
14%
Shibi Aburame
14%
Torune
14%
Gamatatsu
13%
Kurotsuchi
12%
Yugito Nii
12%
Akatsuchi
11%
Ginkaku
11%
Hamura Ôtsutsuki
11%
Hayate Gekkô
11%
Kinkaku
11%
Mifune
11%
Shisui uchiha
11%
Fû Yamanaka
10%
Gamaken
10%
Mangetsu Hôzuki
10%
Aoda
9%
Fukasaku
9%
Inari
8%
Tazuna
8%
Enma
7%
Gatô
7%
Tsume Inuzuka
7%
Ameyuri Ringo
6%
Gamahiro
6%
Gamamaru
6%
Genma Shiranui
6%
Nawaki
6%
Shima
5%
Dosu Kinuta
4%
Ebizô
4%
Kin Tsuchi
4%
Aoba Yamashiro
3%
Baku
3%
Fuguki Suikazan
3%
Fû jinchūriki
3%
Han Jinchûriki
3%
Jûzô Biwa
3%
Misuki
3%
Raidô Namiashi
3%
Zaku Abumi
3%
Gamariki
2%
Ibuse
2%
Jinin Akebino
2%
Jinpachi Munashi
2%
Kôsuke
2%
Kushimaru Kuriarare
2%
Misumi Tsurugi
2%
Yoroï Akadô
2%
Yûra
2%
Aoi Rokushô
1%
Gamatabi
1%
Hakuja Sennin
1%
Kamatari
1%
Kyodaigumo
1%
Raïga Kurosuki
1%
Aucun quiz correspondant
Distribution des résultats
% des personnes avec chaque résultat
Percentile par nombre de réponses
Votre historique - résultats
Vous n’avez pas pris ce quiz depuis la dernière actualisation